Wiring regulations in brief (Record no. 106415)

MARC details
000 -LEADER
fixed length control field 01486cam a22002775a 4500
001 - CONTROL NUMBER
control field L136516
008 - FIXED-LENGTH DATA ELEMENTS--GENERAL INFORMATION
fixed length control field 070205s2006 xxk f 1 000 0 eng d
020 ## - INTERNATIONAL STANDARD BOOK NUMBER
International Standard Book Number 0750668512
-- 9780750668514
035 ## - SYSTEM CONTROL NUMBER
System control number (Sirsi) u136516
050 04 - LIBRARY OF CONGRESS CALL NUMBER
Classification number 621.31042 $2 18
100 1# - MAIN ENTRY--PERSONAL NAME
Personal name Tricker, Ray
245 00 - TITLE STATEMENT
Title Wiring regulations in brief
Remainder of title a complete guide to the requirements of the 16th edition of the IEE Wiring Regulations, BS 7671 and Part P of the Building Regulations
260 ## - PUBLICATION, DISTRIBUTION, ETC.
Place of publication, distribution, etc. Oxford
Name of publisher, distributor, etc. Butterworth Heinemann
Date of publication, distribution, etc. 2006
300 ## - PHYSICAL DESCRIPTION
Extent xxix, 617p.
Dimensions 23cm.
350 ## - PRICE (NR) (BK AM CF MU VM SE) [OBSOLETE]
Price 19.99
505 2# - FORMATTED CONTENTS NOTE
Formatted contents note Domestic buildings -- Mandatory requirements -- Earthing -- External influences -- Electrical equipment, components, accessories and supplies -- Cables and conductors -- Special installations and locations -- Inspection and testing -- Installation, maintenance and repair
520 ## - SUMMARY, ETC.
Summary, etc. A comprehensive reference to the requirements of the IEE Wiring Regulations and related standards. Discusses various areas of working practice, such as cables, installation, testing and inspection, and working in special locations. Provides information on the relevant requirements and specifications.
590 ## - LOCAL NOTE (RLIN)
Local note KA
650 24 - SUBJECT ADDED ENTRY--TOPICAL TERM
Topical term or geographic name entry element IEE WIRING REGULATIONS (16TH EDITION)
650 24 - SUBJECT ADDED ENTRY--TOPICAL TERM
Topical term or geographic name entry element BUILDING REGULATIONS 2000 APPROVED DOCUMENT P (2006 EDITION)
650 24 - SUBJECT ADDED ENTRY--TOPICAL TERM
Topical term or geographic name entry element BS 7671: 2001
651 #4 - SUBJECT ADDED ENTRY--GEOGRAPHIC NAME
Geographic name England and Wales
Chronological subdivision 1543-
690 ## - LOCAL SUBJECT ADDED ENTRY--TOPICAL TERM (OCLC, RLIN)
Topical term or geographic name as entry element BUILT ENVIRONMENT-ENGINEERING-ELECTRICAL ENGINEERING
942 ## - ADDED ENTRY ELEMENTS (KOHA)
Suppress in OPAC 0
Holdings
Withdrawn status Lost status Source of classification or shelving scheme Damaged status Not for loan Home library Current library Shelving location Date acquired Cost, normal purchase price Total Checkouts Full call number Barcode Date last seen Date last checked out Copy number Cost, replacement price Price effective from Koha item type
    Dewey Decimal Classification     London London Books 30/04/2007 16.99 4 621.31042 TRI 30073709 06/08/2019 23/02/2009 1 16.99 06/08/2019 Book